ប្រាសាទនាងខ្មៅ : (Record no. 8920)
[ view plain ]
| 000 -LEADER | |
|---|---|
| fixed length control field | 03644nam a22003137a 4500 |
| 001 - CONTROL NUMBER | |
| control field | 8920 |
| 003 - CONTROL NUMBER IDENTIFIER | |
| control field | FISKH |
| 005 - DATE AND TIME OF LATEST TRANSACTION | |
| control field | 20251031151956.0 |
| 008 - FIXED-LENGTH DATA ELEMENTS--GENERAL INFORMATION | |
| fixed length control field | 251031b cb ||||| |||| 00| 0 eng d |
| 020 ## - INTERNATIONAL STANDARD BOOK NUMBER | |
| International Standard Book Number | 9789996301179 |
| 040 ## - CATALOGING SOURCE | |
| Original cataloging agency | FISKH |
| Language of cataloging | khr |
| Transcribing agency | FISKH |
| Modifying agency | FISKH |
| 050 ## - LIBRARY OF CONGRESS CALL NUMBER | |
| Classification number | PZ7 |
| 082 ## - DEWEY DECIMAL CLASSIFICATION NUMBER | |
| Classification number | 398.2 |
| 100 ## - MAIN ENTRY--PERSONAL NAME | |
| Personal name | Sotheary, Kimsun |
| 245 ## - TITLE STATEMENT | |
| Title | ប្រាសាទនាងខ្មៅ : |
| Remainder of title | Neang Khmao temple / |
| Statement of responsibility, etc. | រៀបរៀងដោយ អ្នកស្រី គឹមស៊ុន សុធារី , កែសម្រួលដោយ លោក វ៉ាន់ សុភ័ក្រ្ត និង កញ្ញា ហេង ចរិយា |
| 260 ## - PUBLICATION, DISTRIBUTION, ETC. | |
| Place of publication, distribution, etc. | Phnom Penh : |
| Name of publisher, distributor, etc. | Reading Books , |
| Date of publication, distribution, etc. | 2010. |
| 300 ## - PHYSICAL DESCRIPTION | |
| Extent | 24 pages : |
| Other physical details | color illustrations ; |
| Dimensions | 25 cm . |
| 490 ## - SERIES STATEMENT | |
| Series statement | ពិភពរឿងនិទាន |
| 505 ## - FORMATTED CONTENTS NOTE | |
| Formatted contents note | P <br/> |
| 520 ## - SUMMARY, ETC. | |
| Summary, etc. | ព្រះបាទសុរិយោទេវង្សមានបុត្រីមួយអង្គព្រះនាម នាងខ្មៅ ។ ថ្ងៃមួយព្រះនាងបានសុំព្រះបិតាទៅក្រសាលទន្លប្រទ្រុន ។ គ្រានោះមានបុសម្នាក់ឈ្មោះបណ្ឌិតស្រីទើបនឹងសឹកពីសាមណេរថ្មីៗបានឃើញព្រះនាងក៏មានចិត្តប្រតិព័ទ្ធនឹងនាង។ បុរសនោះក៏បេះស្លឹកឈើផ្លំយ៉ាងគ្រលួច ។ ព្រះនាងក៏ដើររកសម្លេងនោះតែម្នាក់ឯង។ ហើយពួកគេក៏បានស្រឡាញ់គ្នា ព្រះបិតាខ្ញាល់យ៉ាងខ្លាំងបម្រុងអោយពេជ្ឍឃាដសម្លាប់ តែមាតាសុំអោយយកនាងទៅបំបរបង់ក្នុងព្រៃ ។ ក្រោយមកនាងបានជួបនឹងភិក្ខុមួយអង្គឈ្មោះកែវ ពួកគេក៏ចាប់ចិត្តស្រលាញ់គ្នា ហើយភិក្ខុកែវក៏បានលាចាកសិក្ខាបទហើយរស់នៅជាមួយគ្នាក្នុងប្រាសាទមួយឈ្មោះថាប្រាសាទនាងខ្មៅ ។ |
| 520 ## - SUMMARY, ETC. | |
| Summary, etc. | King Suriyaodevong had a daughter named Neang Khmao . One day, the princess asked her father for permission to go to bathe in the Tonle Protron River. At that time, there was a young man named Bandit Srey, who had just left the monkhood. When he saw the princess, he immediately fell in love with her.<br/>He secretly plucked a leaf to make a sound, and the princess, hearing it, went to look for where it came from. There, the two met and fell in love. When the king found out, he was furious and ordered the royal executioner to kill her. However, the queen begged for mercy and asked that the princess be sent away into the forest instead.<br/>Later, the princess met a monk named Kaew. They also fell in love, and the monk Kaew eventually left the monastic life to live with her. Together, they resided in a temple known as Prasat Neang Khmao. |
| 521 8# - TARGET AUDIENCE NOTE | |
| Target audience note | 650 <br/> |
| Source | Lexile estimate <br/> |
| 521 8# - TARGET AUDIENCE NOTE | |
| Target audience note | P <br/> |
| Source | Raz-Plus <br/> |
| 650 ## - SUBJECT ADDED ENTRY--TOPICAL TERM | |
| Topical term or geographic name entry element | ប្រាសាទនាងខ្មៅ |
| Form subdivision | រឿងនិទានកុមារ |
| 650 ## - SUBJECT ADDED ENTRY--TOPICAL TERM | |
| Topical term or geographic name entry element | Neang Khmao Temple |
| Form subdivision | Children's Stories |
| 700 ## - ADDED ENTRY--PERSONAL NAME | |
| Personal name | San, Thai |
| Relator term | Illustrator |
| 942 ## - ADDED ENTRY ELEMENTS (KOHA) | |
| Source of classification or shelving scheme | Dewey Decimal Classification |
| Koha item type | Khmer Books |
| Suppress in OPAC | No |
| Withdrawn status | Lost status | Source of classification or shelving scheme | Damaged status | Not for loan | Collection | Home library | Current library | Shelving location | Date acquired | Total Checkouts | Full call number | Barcode | Date last seen | Copy number | Price effective from | Koha item type |
|---|---|---|---|---|---|---|---|---|---|---|---|---|---|---|---|---|
| Dewey Decimal Classification | Khmer-English Bilingual / ភាសាខ្មែរ-អង់គ្លេស | Footprints International School Library Network Toul Tom Poung Campus | Footprints International School Library Network Toul Tom Poung Campus | TTP Primary Khmer Bookshelves | 10/31/2025 | SOT PZ7 398.2 | FIS04457 | 10/31/2025 | 1 | 10/31/2025 | Khmer Books | |||||
| Dewey Decimal Classification | Khmer-English Bilingual / ភាសាខ្មែរ-អង់គ្លេស | Footprints International School Library Network Toul Tom Poung Campus | Footprints International School Library Network Toul Tom Poung Campus | TTP Primary Khmer Bookshelves | 12/05/2025 | SOT PZ7 398.2 | 2025-5047 | 12/05/2025 | 2 | 12/05/2025 | Khmer Books |
